[Event "Kfar Sava-B"]
[Site "Kfar Sava"]
[Date "1993.??.??"]
[Round "?"]
[White "Amit, Yaron"]
[Black "Kosashvili, Yona"]
[Result "0-1"]
[WhiteElo "2260"]
[BlackElo "2490"]
[PlyCount "124"]
[EventDate "1993.??.??"]
[Source "www.chesslib.no"]
[SourceDate "2004.05.04"]

1. e4 e5 2. Bc4 Nc6 3. Nc3 d6 4. d3 Na5 5. Qe2 Nxc4 6. dxc4 Nf6 7. Nf3 c6 8. Bg5 h6 9. Bh4 Qb6 10. O-O-O g5 11. Bg3 Be6 12. Nd2 Nd7 13. f3 a6 14. Bf2 Qd8 15. g3 Rg8 16. Be3 b5 17. Rhg1 Nb6 18. f4 Nxc4 19. Nxc4 Bxc4 20. Qd2 f6 21. h4 Qe7 22. hxg5 hxg5 23. fxg5 fxg5 24. Rh1 O-O-O 25. Rh5 g4 26. Rdh1 Bg7 27. Rh7 Rd7 28. Nd1 Kb7 29. Nf2 Be6 30. Qe2 Qf7 31. Nxg4 Qg6 32. R1h4 Bf8 33. Rxd7+ Bxd7 34. Nf2 Qxg3 35. Rh7 Rg7 36. Rh8 Be7 37. a4 Rf7 38. axb5 axb5 39. Qd2 Bg5 40. Nd1 Bxe3 41. Nxe3 Qf2 42. Qd3 Rf3 43. Nd1 Rxd3 44. Nxf2 Rf3 45. Nd3 c5 46. Rh7 Kc8 47. Kd2 Bc6 48. Rh4 Rg3 49. c3 Rg2+ 50. Ke3 Rc2 51. Rh6 Kc7 52. Rh7+ Bd7 53. Rg7 b4 54. cxb4 c4 55. Nf2 Rxb2 56. Nd1 Rxb4 57. Nc3 Kc6 58. Nd5 Rb2 59. Ne7+ Kc5 60. Nf5 Rb3+ 61. Ke2 Bxf5 62. exf5 e4 0-1

[Event "Bucharest-B"]
[Site "Bucharest ROM"]
[Date "1992.??.??"]
[Round "?"]
[White "Moldovan, Daniel"]
[Black "Pasarelu, Dan"]
[Result "1-0"]
[WhiteElo "2435"]
[BlackElo "2305"]
[PlyCount "131"]
[EventDate "1992.??.??"]
[Source "www.chesslib.no"]
[SourceDate "2004.05.04"]

1. e4 e5 2. Bc4 Be7 3. Qh5 g6 4. Qxe5 Nf6 5. Nc3 O-O 6. Nge2 Nc6 7. Qf4 Bd6 8. Qh4 Re8 9. d3 Re5 10. Nd5 Nxd5 11. Qxd8+ Nxd8 12. Bxd5 Re8 13. O-O c6 14. Bb3 Bc7 15. Be3 b6 16. Nc3 Nb7 17. a3 d6 18. d4 Na5 19. Ba2 Ba6 20. Rfe1 Nc4 21. Bc1 Rad8 22. b3 Na5 23. a4 d5 24. Bg5 Rd7 25. exd5 Rxe1+ 26. Rxe1 cxd5 27. Nb5 Kg7 28. Bd2 Bd8 29. b4 Nc4 30. Bxc4 dxc4 31. c3 Bxb5 32. axb5 g5 33. f3 h6 34. Kf2 Rd6 35. h3 f6 36. f4 Kf7 37. Kf3 Bc7 38. g4 Rd5 39. f5 Rxb5 40. Re6 a5 41. Rc6 Bd8 42. Rxc4 axb4 43. cxb4 Rd5 44. Ke4 Rd7 45. Rc6 Re7+ 46. Kd3 Ra7 47. d5 Ra1 48. Rd6 Ke7 49. Re6+ Kd7 50. Bc3 Rh1 51. Bxf6 Rxh3+ 52. Kc4 Rg3 53. Bxd8 Rxg4+ 54. Kb5 Kxd8 55. Rxh6 Kd7 56. Rxb6 Rf4 57. Kc5 Rxf5 58. Rb7+ Kc8 59. Rg7 Rf1 60. Rxg5 Rc1+ 61. Kb6 Kd7 62. b5 Kd6 63. Kb7 Rb1 64. b6 Kc5 65. Kc7 Kd4 66. d6 1-0

[Event "Vejle op"]
[Site "Vejle"]
[Date "1974.??.??"]
[Round "9"]
[White "Jensen, Allan"]
[Black "Jacobsen, Bo"]
[Result "0-1"]
[WhiteElo "2300"]
[BlackElo "2435"]
[PlyCount "126"]
[EventDate "1974.??.??"]
[Source "ChessBase"]

1. e4 e5 2. Bc4 d6 3. Nc3 Nc6 4. Nf3 Be7 5. d4 exd4 6. Nxd4 Nf6 7. Nxc6 bxc6 8. O-O O-O 9. f4 Rb8 10. b3 d5 11. exd5 Bc5+ 12. Kh1 cxd5 13. Nxd5 Ng4 14. Qf3 Nxh2 15. Qh5 Nxf1 16. Bxf1 g6 17. Qg5 Bd4 18. c3 Bg7 19. Ba3 Qxg5 20. fxg5 Rd8 21. Ne7+ Kh8 22. Nc6 Be6 23. Nxb8 Rxb8 24. Rd1 Bxc3 25. Rc1 Be5 26. Rc5 Bd6 27. Bb2+ Kg8 28. Ra5 Rb4 29. g3 Rg4 30. Bf6 Rxg3 31. Bg2 Bh3 32. Bxh3 Rxh3+ 33. Kg2 Rh2+ 34. Kf3 Kf8 35. Rxa7 Ke8 36. Ke4 Kd7 37. Ra8 Rf2 38. Bd4 Rf4+ 39. Kd3 Rf3+ 40. Ke4 Rf4+ 41. Kd3 Rf5 42. Bf6 Be7 43. Bxe7 Kxe7 44. Rh8 Rxg5 45. Rxh7 Rh5 46. Rxh5 gxh5 47. Ke4 h4 48. a4 f5+ 49. Kf4 Kd7 50. b4 Kc6 51. a5 Kb5 52. Kf3 c5 53. bxc5 Kxc5 54. Kg2 f4 55. Kf3 h3 56. Kf2 Kb5 57. Kf3 Kxa5 58. Kf2 Kb5 59. Kf3 Kc4 60. Kf2 Kd3 61. Kf3 h2 62. Kg2 Ke2 63. Kh1 f3 0-1

[Event "BKL-Turnier"]
[Site "Leipzig"]
[Date "1979.??.??"]
[Round "3"]
[White "Tischbierek, Raj"]
[Black "Vorotnikov, Vladislav V"]
[Result "0-1"]
[WhiteElo "2315"]
[BlackElo "2410"]
[PlyCount "130"]
[EventDate "1979.12.03"]
[Source "ChessBase"]

1. e4 e5 2. Bc4 Nc6 3. Nc3 d6 4. Nge2 g6 5. d3 Na5 6. O-O Bg7 7. Bb5+ c6 8. Ba4 b5 9. Bb3 Nf6 10. Kh1 b4 11. Nb1 Nxb3 12. axb3 O-O 13. Bd2 c5 14. Bg5 d5 15. Nd2 Bb7 16. f3 Qd6 17. Qe1 Nd7 18. Qh4 Rfe8 19. Ng3 h5 20. Ra5 f6 21. Be3 Qc7 22. Rfa1 d4 23. Bf2 Bc8 24. Ngf1 Nf8 25. Nc4 Ne6 26. Be1 a6 27. Bd2 Ra7 28. Qf2 Qb8 29. Ng3 Bf8 30. Ne2 g5 31. g3 Rg7 32. Rg1 Bb7 33. g4 hxg4 34. fxg4 Nf4 35. Ng3 Rh7 36. Bxf4 exf4 37. Nf5 Qc7 38. Qf3 Kf7 39. Raa1 Be7 40. Kg2 Reh8 41. h4 Bf8 42. Rh1 Kg8 43. Rh2 Bc8 44. Rah1 Bxf5 45. exf5 Rxh4 46. Rxh4 Rxh4 47. Rxh4 gxh4 48. Nd2 Bh6 49. Qd5+ Kg7 50. Nf3 Bg5 51. Qe6 Qf7 52. Qxf7+ Kxf7 53. Nd2 f3+ 54. Nxf3 a5 55. Kh3 Ke7 56. Nxh4 Bxh4 57. Kxh4 c4 58. Kh5 a4 59. Kg6 axb3 60. cxb3 cxd3 61. Kg7 d2 62. g5 d1=Q 63. gxf6+ Kd6 64. f7 Qg4+ 65. Kf6 Qh4+ 0-1

[Event "HUN-chT2 0203 Maroczy"]
[Site "?"]
[Date "2003.04.13"]
[Round "11"]
[White "Kotan Ladislav"]
[Black "Borsavolgyi Tamas"]
[Result "1-0"]
[WhiteElo "2400"]
[BlackElo "2315"]
[PlyCount "133"]
[EventDate "2003.??.??"]
[Source "www.chesslib.no"]
[SourceDate "2004.05.04"]

1. e4 e5 2. Bc4 d6 3. Nf3 Be6 4. Bxe6 fxe6 5. c3 Nd7 6. O-O Qe7 7. d4 Ngf6 8. Re1 O-O-O 9. dxe5 dxe5 10. Qa4 a6 11. b4 h6 12. Nbd2 Qe8 13. Nc4 g5 14. Qa5 Nb8 15. Qxe5 Bg7 16. Nd4 Nh5 17. Qc5 Nc6 18. Nxc6 Qxc6 19. Qxc6 bxc6 20. e5 Rd3 21. g4 Nf4 22. Bxf4 gxf4 23. Rac1 h5 24. g5 h4 25. Re4 Rh5 26. Rxf4 Rxg5+ 27. Kf1 Rh3 28. Ke2 Bh6 29. Rf6 Rg4 30. Rxh6 Rxc4 31. Rxe6 Kd7 32. Rh6 Re4+ 33. Kf1 Rxe5 34. Kg2 Rd3 35. Rxh4 c5 36. Rc2 Rg5+ 37. Kf1 Kc6 38. Ke2 Rd6 39. Rd2 cxb4 40. cxb4 Rxd2+ 41. Kxd2 Kb5 42. Re4 Rg2 43. Rf4 Rxh2 44. Kc3 Rh5 45. Kb3 c5 46. a4+ Kb6 47. Rf6+ Kb7 48. b5 axb5 49. axb5 Rh1 50. Kc4 Rc1+ 51. Kd5 c4 52. Kc5 c3 53. Rf3 Kc8 54. Kc6 Kd8 55. Rf8+ Ke7 56. Rf3 Rf1 57. Rxc3 Rxf2 58. Rd3 Rc2+ 59. Kb7 Rb2 60. b6 Rb1 61. Kc7 Rc1+ 62. Kb8 Rb1 63. b7 Rb2 64. Rd4 Rb1 65. Kc7 Rc1+ 66. Kb6 Rb1+ 67. Kc6 1-0

[Event "Lalin Open"]
[Site "Lalin"]
[Date "1994.??.??"]
[Round "3"]
[White "Mitkov, Nikola"]
[Black "San Claudio Gonzalez, Francisco Javier"]
[Result "1-0"]
[WhiteElo "2470"]
[BlackElo "2240"]
[PlyCount "39"]
[EventDate "1994.??.??"]
[Source "www.chesslib.no"]
[SourceDate "2004.05.04"]

1. e4 e5 2. Bc4 Nc6 3. Nc3 Be7 4. d3 d6 5. f4 exf4 6. Bxf4 Bh4+ 7. g3 Bf6 8. Nge2 Bh3 9. Qd2 Ne5 10. O-O-O Bg2 11. Rhg1 Nf3 12. Qe3 Nxg1 13. Rxg1 g5 14. Rxg2 gxf4 15. gxf4 c6 16. e5 Be7 17. exd6 Qxd6 18. Ne4 Qc7 19. Qd4 Qa5 20. c3 1-0

[Event "Moscow RUS"]
[Site "Moscow RUS"]
[Date "1995.??.??"]
[Round "9"]
[White "Gorbatow, Alexej"]
[Black "Frog, Ilya"]
[Result "0-1"]
[WhiteElo "2410"]
[BlackElo "2295"]
[PlyCount "80"]
[EventDate "1995.??.??"]
[Source "www.chesslib.no"]
[SourceDate "2004.05.04"]

1. e4 e5 2. Bc4 d6 3. c3 Nf6 4. d3 Be7 5. Nf3 c6 6. Bb3 Nbd7 7. O-O Nc5 8. Bc2 Bg4 9. Nbd2 Ne6 10. Nc4 Nd7 11. Ne3 Bh5 12. Nf5 g6 13. Ng3 Bxf3 14. Qxf3 Bg5 15. Be3 Qe7 16. Rad1 Bxe3 17. fxe3 h5 18. d4 Ng5 19. Qe2 Nf6 20. h4 Ne6 21. d5 cxd5 22. exd5 Nc7 23. Rf3 Ng4 24. Ne4 O-O-O 25. Ng5 f6 26. Nh3 e4 27. Rf4 f5 28. Ng5 Rhf8 29. Qd2 Kb8 30. c4 Qg7 31. Bb3 Ne5 32. Rdf1 Rc8 33. Qe1 Qe7 34. a3 Nb5 35. Qc1 Rc6 36. Qd1 Nd4 37. Qd2 Rd8 38. Kh2 Nxc4 39. Qc2 Na5 40. Qf2 Kc8 0-1

[Event "Moscow Ch Open"]
[Site "Moscow RUS"]
[Date "1995.??.??"]
[Round "9"]
[White "Gorbatow, Alexej"]
[Black "Frog, Ilya"]
[Result "0-1"]
[WhiteElo "2410"]
[BlackElo "2295"]
[PlyCount "80"]
[EventDate "1995.??.??"]
[Source "www.chesslib.no"]
[SourceDate "2004.05.04"]

1. e4 e5 2. Bc4 d6 3. c3 Nf6 4. d3 Be7 5. Nf3 c6 6. Bb3 Nbd7 7. O-O Nc5 8. Bc2 Bg4 9. Nbd2 Ne6 10. Nc4 Nd7 11. Ne3 Bh5 12. Nf5 g6 13. Ng3 Bxf3 14. Qxf3 Bg5 15. Be3 Qe7 16. Rad1 Bxe3 17. fxe3 h5 18. d4 Ng5 19. Qe2 Nf6 20. h4 Ne6 21. d5 cxd5 22. exd5 Nc7 23. Rf3 Ng4 24. Ne4 O-O-O 25. Ng5 f6 26. Nh3 e4 27. Rf4 f5 28. Ng5 Rhf8 29. Qd2 Kb8 30. c4 Qg7 31. Rb1 Ne5 32. Qd4 Rc8 33. b4 Qe7 34. a3 Nb5 35. cxb5 Rxc2 36. b6 axb6 37. Qxb6 Rfc8 38. Ne6 Nc4 39. Qd4 Rd2 40. Qa1 Nxe3 0-1

[Event "CRO Cup"]
[Site "Pula"]
[Date "2002.05.09"]
[Round "3"]
[White "Loncar, Robert"]
[Black "Prizmic, Miodrag"]
[Result "1-0"]
[WhiteElo "2436"]
[BlackElo "2268"]
[PlyCount "63"]
[EventDate "2002.05.07"]
[Source "ChessBase"]
[SourceDate "2002.07.08"]

1. e4 e5 2. Bc4 Be7 3. Qh5 g6 4. Qxe5 Nf6 5. Nf3 O-O 6. O-O Nc6 7. Qf4 d5 8. exd5 Nxd5 9. Bxd5 Qxd5 10. Nc3 Qf5 11. Qxf5 Bxf5 12. d3 Nb4 13. Nd4 Bf6 14. Nxf5 gxf5 15. Bh6 Rfe8 16. Rfc1 Re6 17. Bd2 Rae8 18. Kf1 a6 19. a3 Nc6 20. Be3 b5 21. Rab1 Be5 22. Ne2 Ne7 23. c4 c6 24. g3 Bb8 25. b3 h5 26. a4 h4 27. Kg2 Rd8 28. Rd1 hxg3 29. hxg3 Kg7 30. d4 Ng6 31. d5 cxd5 32. Nd4 1-0

[Event "Budapest FS03 IM"]
[Site "Budapest"]
[Date "1996.??.??"]
[Round "12"]
[White "Nishimura, Hiroyuki"]
[Black "Borsavolgyi, Tamas"]
[Result "1-0"]
[WhiteElo "2325"]
[BlackElo "2375"]
[PlyCount "67"]
[EventDate "1996.03.??"]
[Source "ChessBase"]

1. e4 e5 2. Bc4 d6 3. Nc3 Be7 4. d3 Nf6 5. Nf3 c6 6. O-O Bg4 7. h3 Bh5 8. Qe2 Nbd7 9. a4 Nf8 10. g4 Bg6 11. Kg2 Qd7 12. Nh4 Nxe4 13. Nxg6 Nxc3 14. Bxf7+ Kd8 15. bxc3 hxg6 16. Ba2 g5 17. d4 Ng6 18. dxe5 Kc7 19. e6 Qe8 20. f4 gxf4 21. Bxf4 Bf6 22. Bg3 Rd8 23. Rab1 Rf8 24. Qe3 Kb8 25. Bf2 c5 26. Bd5 b6 27. a5 Kc7 28. Bg3 Ne7 29. c4 Nc6 30. axb6+ axb6 31. Qe4 g5 32. Rf3 Ne7 33. Ra3 Nc8 34. Bb7 1-0

[Event "HUN-chT1"]
[Site "HUN"]
[Date "1995.??.??"]
[Round "?"]
[White "Lengyel, Bela"]
[Black "Mozes, Ervin"]
[Result "1/2-1/2"]
[WhiteElo "2320"]
[BlackElo "2380"]
[PlyCount "106"]
[EventDate "1995.??.??"]
[Source "www.chesslib.no"]
[SourceDate "2004.05.04"]

1. e4 e5 2. Bc4 Nc6 3. d3 Bc5 4. Nc3 d6 5. Nf3 h6 6. Be3 Nf6 7. O-O O-O 8. h3 a6 9. a4 Nd4 10. Bxd4 exd4 11. Ne2 Nh5 12. Nfxd4 c6 13. c3 d5 14. exd5 cxd5 15. Bb3 Qd6 16. Kh1 Bd7 17. Ng1 g6 18. Qf3 Rad8 19. Rfe1 Kg7 20. Qxd5 Qxd5 21. Bxd5 Bxd4 22. cxd4 Bxa4 23. Bxb7 Bb5 24. Bxa6 Bxa6 25. Rxa6 Rxd4 26. Nf3 Rxd3 27. Rb6 Nf4 28. Kh2 Rd7 29. g3 Nd3 30. Re2 Rfd8 31. h4 Nc1 32. Re3 Nd3 33. Kg2 Rc8 34. Re2 Rcd8 35. Rb5 Rc8 36. Rd2 Rc1 37. Rb3 Ne1+ 38. Kh3 Rxd2 39. Nxd2 Rc2 40. Ne4 f5 41. Re3 fxe4 42. Rxe1 Rxb2 43. Kg2 Rb4 44. g4 h5 45. Re3 hxg4 46. Kg3 Kf6 47. Kxg4 Rb2 48. Kg3 Kf5 49. Ra3 Rb5 50. f3 exf3 51. Rxf3+ Ke6 52. Kg4 Rf5 53. Rxf5 gxf5+ 1/2-1/2

[Event "Wiesbaden op 19th"]
[Site "Wiesbaden"]
[Date "2000.08.30"]
[Round "6"]
[White "Emmerich, Dirk"]
[Black "Meijers, Viesturs"]
[Result "1/2-1/2"]
[WhiteElo "2220"]
[BlackElo "2478"]
[PlyCount "129"]
[EventDate "2000.08.26"]
[Source "www.chesslib.no"]
[SourceDate "2004.05.04"]

1. e4 e5 2. Bc4 d6 3. d3 Be7 4. f4 exf4 5. Bxf4 Nf6 6. Nc3 O-O 7. Nf3 c6 8. O-O Be6 9. Bxe6 fxe6 10. e5 dxe5 11. Nxe5 Qb6+ 12. Kh1 Na6 13. Nc4 Qd4 14. Qe1 Qd7 15. Ne5 Qc8 16. Qe2 Nc7 17. Bg5 Qd8 18. Rf3 Nd7 19. Rxf8+ Nxf8 20. Bxe7 Qxe7 21. Rf1 Nd5 22. Ne4 Nf6 23. Nxf6+ gxf6 24. Qg4+ Kh8 25. Qh4 Kg7 26. Ng4 Nd7 27. d4 Rf8 28. h3 Qf7 29. Qg3 Kh8 30. Qd6 f5 31. Ne5 Nxe5 32. Qxe5+ Qf6 33. Re1 Qxe5 34. Rxe5 Re8 35. Kg1 Kg7 36. Kf2 Kf6 37. b4 a6 38. a4 Ra8 39. a5 h5 40. g3 Rh8 41. h4 Rg8 42. Kf3 Rg4 43. c3 Ke7 44. Re2 Kd6 45. Re5 Rg8 46. Kf4 Rg7 47. Kf3 Rg4 48. Re2 f4 49. gxf4 Rxh4 50. Kg3 Rh1 51. Re5 h4+ 52. Kg2 Rd1 53. Re3 Kd5 54. Kh3 Rf1 55. Kg4 h3 56. Rxh3 Ke4 57. Kg5 Rxf4 58. Rh7 Rf5+ 59. Kg6 Rb5 60. Kf6 Kd5 61. Rh5+ Kc4 62. Rh3 b6 63. axb6 Rxb6 64. Re3 Rb5 65. Rxe6 1/2-1/2

[Event "Copenhagen Open"]
[Site "Copenhagen DEN"]
[Date "1991.??.??"]
[Round "3"]
[White "Kristiansen, Jens"]
[Black "Pedersen, Steffen"]
[Result "1-0"]
[WhiteElo "2415"]
[BlackElo "2280"]
[PlyCount "85"]
[EventDate "1991.06.??"]
[Source "www.chesslib.no"]
[SourceDate "2004.05.04"]

1. e4 e5 2. Bc4 Nc6 3. d3 Bc5 4. Nc3 d6 5. Na4 Nf6 6. Nxc5 dxc5 7. Be3 Qe7 8. f3 b6 9. Ne2 Bb7 10. O-O O-O-O 11. Qe1 Kb8 12. a3 Rhg8 13. Qf2 g5 14. Rad1 Ne8 15. c3 Nd6 16. Ba2 Rge8 17. Ng3 Rf8 18. Bd5 f5 19. exf5 Nxf5 20. Nxf5 Rxf5 21. Be4 Rf7 22. b4 cxb4 23. axb4 Qf6 24. Qa2 Rg7 25. Ra1 h5 26. d4 exd4 27. Bxd4 Rxd4 28. cxd4 Qxd4+ 29. Kh1 Qxb4 30. Bxc6 Bxc6 31. Qxa7+ Kc8 32. Qa6+ Bb7 33. Qd3 Rd7 34. Qg6 g4 35. Rad1 Rxd1 36. Rxd1 Kb8 37. Qe8+ Bc8 38. Qxh5 Qb3 39. Re1 Qc3 40. Qe5 Qxe5 41. Rxe5 gxf3 42. gxf3 c5 43. Kg2 1-0

[Event "Plancoët"]
[Site "?"]
[Date "2001.08.02"]
[Round "6.1"]
[White "Belkhodja Slim"]
[Black "Plane Boris"]
[Result "1-0"]
[WhiteElo "2531"]
[BlackElo "2163"]
[PlyCount "37"]
[EventDate "2001.??.??"]
[Source "www.chesslib.no"]
[SourceDate "2004.05.04"]

1. e4 e5 2. Bc4 d6 3. f4 exf4 4. d4 Nf6 5. Nc3 c6 6. Qe2 Bg4 7. Nf3 Nh5 8. O-O Qf6 9. e5 dxe5 10. Ne4 Qd8 11. Bxf7+ Kxf7 12. Nxe5+ Kg8 13. Nxg4 g5 14. Qc4+ Kg7 15. Bd2 h6 16. Kh1 Na6 17. Ne5 Qd5 18. Qe2 Rg8 19. c4 1-0

[Event "TCh-ESP Div"]
[Site "?"]
[Date "2001.??.??"]
[Round "?"]
[White "Carretero Calzon, A."]
[Black "Suarez Pousa, D."]
[Result "0-1"]
[WhiteElo "2290"]
[BlackElo "2400"]
[PlyCount "64"]
[EventDate "2001.??.??"]
[Source "www.chesslib.no"]
[SourceDate "2004.05.04"]

1. e4 e5 2. Bc4 Nc6 3. c3 Nf6 4. Qf3 Bc5 5. h3 d6 6. b4 Bb6 7. d3 a5 8. b5 Ne7 9. a4 O-O 10. Bg5 Ng6 11. Ne2 Be6 12. Nd2 c6 13. Rb1 d5 14. Bb3 h6 15. Bxf6 Qxf6 16. Qxf6 gxf6 17. g3 f5 18. exd5 cxd5 19. d4 Rac8 20. f4 f6 21. Kf2 Kf7 22. Nf1 Rfd8 23. Ne3 Ne7 24. Kf3 Rc7 25. Rhd1 Rdc8 26. Kg2 Rxc3 27. Nxc3 Rxc3 28. Nf1 Bxd4 29. Nd2 Bb6 30. Rbc1 Rd3 31. Bc2 Ra3 32. Bb3 e4 0-1

[Event "Wch (Men) U26"]
[Site "Rotterdam"]
[Date "1998.08.19"]
[Round "8"]
[White "Sluka, Radek"]
[Black "Patuzzo, Fabricio"]
[Result "0-1"]
[WhiteElo "2380"]
[BlackElo "2290"]
[PlyCount "94"]
[EventDate "1998.08.??"]
[Source "www.chesslib.no"]
[SourceDate "2004.05.04"]

1. e4 e5 2. Bc4 Nc6 3. c3 g6 4. Nf3 Bg7 5. O-O Nge7 6. Qe2 O-O 7. d3 h6 8. Bb3 d5 9. h3 Re8 10. Re1 Be6 11. Bc2 Qd7 12. Nbd2 Rad8 13. Nf1 d4 14. Ng3 b5 15. a3 a5 16. Bd2 Ra8 17. Rac1 Reb8 18. cxd4 Nxd4 19. Nxd4 Qxd4 20. Qe3 c5 21. Qxd4 exd4 22. Bf4 Rb6 23. b3 g5 24. Bd2 a4 25. bxa4 bxa4 26. f4 gxf4 27. Nh5 Ng6 28. Nxf4 Rb2 29. Nd5 c4 30. Bb4 Ne5 31. Nb6 Rd8 32. Red1 cxd3 33. Bxa4 h5 34. Be7 Rb8 35. Nd5 Bh6 36. Rc5 Rb1 37. Nf6+ Kh8 38. Rxe5 Rxd1+ 39. Bxd1 Rb1 40. Rxh5 Rxd1+ 41. Kf2 Kg7 42. Ne8+ Kg6 43. Rxh6+ Kxh6 44. Bc5 Rd2+ 45. Kf3 Rxg2 46. Bxd4 d2 47. Be3+ Kg6 0-1

[Event "BCF Ch"]
[Site "Southport ENG"]
[Date "1983.??.??"]
[Round "1"]
[White "Howell, James C"]
[Black "Barua, Dibyendu"]
[Result "1/2-1/2"]
[WhiteElo "2280"]
[BlackElo "2390"]
[PlyCount "131"]
[EventDate "1983.08.??"]
[Source "www.chesslib.no"]
[SourceDate "2004.05.04"]

1. e4 e5 2. Bc4 d6 3. Nf3 Bg4 4. d3 Nf6 5. Nbd2 Nbd7 6. O-O Be7 7. Re1 c6 8. c3 O-O 9. Bb3 d5 10. Bc2 Qc7 11. Nf1 dxe4 12. dxe4 Nc5 13. Ne3 Bh5 14. Nf5 Rfd8 15. Qe2 Ne6 16. h3 Bc5 17. Be3 Bxe3 18. Qxe3 Bxf3 19. Qxf3 Rd2 20. Ne3 Rad8 21. Rad1 Nf4 22. Kh2 h6 23. g3 Ne6 24. Nd5 Ng5 25. Qf5 cxd5 26. Rxd2 g6 27. Qxf6 Rd6 28. Qxd6 Nf3+ 29. Kh1 Qxd6 30. Red1 Nxd2 31. Rxd2 d4 32. Kg2 Kg7 33. Bb3 b5 34. h4 Qc6 35. Bd5 dxc3 36. Rc2 Qd7 37. Rxc3 f5 38. f3 g5 39. hxg5 hxg5 40. Rd3 f4 41. g4 Qc7 42. Rc3 Qb6 43. Kf1 Qd4 44. Ke2 b4 45. Rb3 a5 46. a4 Kf6 47. Bg8 Qd7 48. Rd3 Qxa4 49. b3 Qa2+ 50. Rd2 Qa1 51. Bd5 Ke7 52. Rd3 Qc1 53. Bg8 a4 54. bxa4 Qc2+ 55. Rd2 Qxa4 56. Rd3 Qc2+ 57. Rd2 Qb1 58. Rd3 Qb2+ 59. Rd2 Qc1 60. Rd3 Qg1 61. Bb3 Qg2+ 62. Ke1 Qb2 63. Kf1 Qh2 64. Ke1 Qg2 65. Kd1 Qf2 66. Bg8 1/2-1/2

[Event "HUN-chT1 9697"]
[Site "Hungary"]
[Date "1996.??.??"]
[Round "2"]
[White "Boronyak, Arpad"]
[Black "Csapo, Zoltan"]
[Result "0-1"]
[WhiteElo "2325"]
[BlackElo "2335"]
[PlyCount "98"]
[EventDate "1996.??.??"]
[Source "www.chesslib.no"]
[SourceDate "2004.05.04"]

1. e4 e5 2. Bc4 Nc6 3. c3 Nf6 4. d3 Be7 5. Nf3 d6 6. h3 O-O 7. O-O h6 8. Re1 Nh7 9. d4 Ng5 10. Nbd2 Bf6 11. Nxg5 Bxg5 12. Nf3 Bxc1 13. Rxc1 Qf6 14. Re3 Ne7 15. Nh2 Ng6 16. Ng4 Qe7 17. Rg3 Be6 18. Qb3 Kh7 19. Bxe6 fxe6 20. dxe5 dxe5 21. Rd1 h5 22. Ne3 Nf4 23. Qb5 c6 24. Qxe5 Ne2+ 25. Kh2 Nxg3 26. fxg3 g6 27. Rd6 Rae8 28. g4 Qf7 29. gxh5 gxh5 30. Qg5 Qf4+ 31. Qg3 Re7 32. Nf5 Qxg3+ 33. Nxg3 h4 34. Nh5 Kg6 35. g4 hxg3+ 36. Nxg3 Rf2+ 37. Kg1 Rxb2 38. Nf5 Re8 39. h4 Kf6 40. Nd4 Ke5 41. Rd7 Kxe4 42. Nb3 Rg8+ 43. Kh1 Rgg2 44. Nc5+ Kf5 45. Rf7+ Kg6 46. Rxb7 Rh2+ 47. Kg1 Rbg2+ 48. Kf1 Rxa2 49. Kg1 Rhc2 0-1

[Event "Villa Ballester op"]
[Site "Villa Ballester"]
[Date "2000.??.??"]
[Round "6"]
[White "Rodriguez, Andres1"]
[Black "Garcia Campitelli, Gonzalo"]
[Result "1-0"]
[WhiteElo "2492"]
[BlackElo "2160"]
[PlyCount "93"]
[EventDate "2000.??.??"]
[Source "www.chesslib.no"]
[SourceDate "2004.05.04"]

1. e4 e5 2. Bc4 Qe7 3. Nf3 g6 4. O-O Bg7 5. Re1 d6 6. Nc3 c6 7. d4 Nf6 8. b3 b5 9. Bf1 Bg4 10. Ba3 Bxf3 11. gxf3 Nh5 12. d5 b4 13. Bxb4 c5 14. Ba3 Qg5+ 15. Kh1 Qh4 16. Bb5+ Nd7 17. Qe2 Bh6 18. Rg1 Nf4 19. Qf1 Qh5 20. Rg3 g5 21. Bxd7+ Kxd7 22. Qb5+ Ke7 23. Qb7+ Kf6 24. Qa6 Ke7 25. Nd1 Rhb8 26. Ne3 Rb6 27. Qf1 Qg6 28. Bc1 Bf8 29. Nf5+ Kd8 30. Bd2 a5 31. a4 h6 32. Ne3 Nh5 33. Rh3 Nf4 34. Nc4 Rba6 35. Rg3 Nh5 36. Rg1 Qf6 37. Qe2 Bg7 38. Bc1 Kd7 39. Ne3 Rb6 40. Nf5 Bf8 41. Qf1 Ng7 42. Ne3 Qxf3+ 43. Rg2 Qf6 44. h4 gxh4 45. Ng4 Qe7 46. Nxh6 f5 47. exf5 1-0

[Event "HUN-chT29899"]
[Site "HUN"]
[Date "1998.??.??"]
[Round "?"]
[White "Lenart, Endre"]
[Black "Emodi, Gyula"]
[Result "0-1"]
[WhiteElo "2220"]
[BlackElo "2415"]
[PlyCount "104"]
[EventDate "1998.??.??"]
[Source "www.chesslib.no"]
[SourceDate "2004.05.04"]

1. e4 e5 2. Bc4 Nc6 3. Nc3 d6 4. d3 h6 5. f4 g6 6. Nf3 Bg7 7. O-O Nf6 8. Bb5 O-O 9. Bxc6 bxc6 10. fxe5 dxe5 11. Ne2 Nd7 12. Qe1 Qe7 13. Qa5 f5 14. Be3 Qd6 15. Rad1 c5 16. c3 Qa6 17. Qxc7 fxe4 18. Ne1 Rxf1+ 19. Kxf1 Qb6 20. Qxb6 axb6 21. a3 Nf6 22. dxe4 Nxe4 23. Nf3 Kf7 24. Rd8 Bf6 25. Rd1 g5 26. Nd2 Nd6 27. Ng3 Bb7 28. Nde4 Ba6+ 29. Ke1 Nxe4 30. Nxe4 Be7 31. b4 Ke6 32. bxc5 Bb7 33. Nf2 bxc5 34. Rb1 Bxg2 35. Rb6+ Kd5 36. Bc1 h5 37. Nd1 Bf3 38. Ne3+ Ke4 39. Re6 Bf8 40. Nf1 g4 41. c4 Kf5 42. Rb6 h4 43. Kf2 Ke4 44. Rb3 Bd1 45. Nd2+ Kf5 46. Rb6 Be7 47. Nf1 Bg5 48. Bxg5 Kxg5 49. Ne3 Bf3 50. h3 Rxa3 51. hxg4 e4 52. Rb2 Kf4 0-1

[Event "Ch Mainz"]
[Site "Mainz GER"]
[Date "1995.??.??"]
[Round "1"]
[White "Miricanac Alan"]
[Black "Plachetka, Jan"]
[Result "0-1"]
[WhiteElo "2215"]
[BlackElo "2420"]
[PlyCount "34"]
[EventDate "1995.??.??"]
[Source "www.chesslib.no"]
[SourceDate "2004.05.04"]

1. e4 e5 2. Bc4 Nc6 3. f4 exf4 4. Nf3 d6 5. O-O Ne5 6. Be2 g5 7. d4 Ng6 8. Bc4 Bg7 9. c3 Nh6 10. Qb3 O-O 11. a4 g4 12. Ne1 Qh4 13. Nd3 g3 14. h3 Bxh3 15. gxh3 Qxh3 16. Qc2 f3 17. Rxf3 Nh4 0-1

[Event "Wotulo mem"]
[Site "Jakarta"]
[Date "2001.04.01"]
[Round "12"]
[White "Liu Dede"]
[Black "Supriyono, Eko"]
[Result "1-0"]
[WhiteElo "2378"]
[BlackElo "2252"]
[PlyCount "93"]
[EventDate "2001.03.23"]
[Source "ChessBase"]
[SourceDate "2001.07.05"]

1. e4 e5 2. Bc4 Nc6 3. d3 d6 4. f4 Nf6 5. Nc3 Be7 6. Nf3 O-O 7. O-O Bg4 8. h3 Bxf3 9. Rxf3 Nd4 10. Rf2 a6 11. a3 b5 12. Ba2 Rc8 13. Ne2 c5 14. c3 Nxe2+ 15. Qxe2 exf4 16. Bxf4 Nd7 17. Raf1 Nb6 18. Qg4 Kh8 19. Bg3 f6 20. Be6 Rc6 21. h4 d5 22. e5 Qe8 23. h5 h6 24. Re2 f5 25. Bxf5 Bg5 26. Bg6 Rxf1+ 27. Kxf1 Qe7 28. Rf2 Rc8 29. Rf7 Rf8 30. Qf5 Rxf7 31. Bxf7 Bf6 32. Be6 Bg5 33. Qg6 Nd7 34. Bxd7 Qxd7 35. e6 Qe7 36. Qf7 Kh7 37. Be5 c4 38. d4 Qxf7+ 39. exf7 Be7 40. Ke2 Kh8 41. Kf3 Kh7 42. Bc7 Bf8 43. Bb6 g5 44. Bc5 Kg7 45. Bxf8+ Kxf8 46. Kg4 Kxf7 47. Kf5 1-0

[Event "Zalakaros Open"]
[Site "Zalakaros"]
[Date "1995.??.??"]
[Round "3"]
[White "Barczay, Laszlo"]
[Black "Kincs, Imre"]
[Result "1/2-1/2"]
[WhiteElo "2400"]
[BlackElo "2230"]
[PlyCount "125"]
[EventDate "1995.??.??"]
[Source "www.chesslib.no"]
[SourceDate "2004.05.04"]

1. e4 e5 2. Bc4 Nc6 3. Nc3 d6 4. Nf3 g6 5. d4 exd4 6. Nxd4 Bg7 7. Be3 Ne5 8. Bb5+ c6 9. Be2 h5 10. h3 a6 11. Qd2 f6 12. f4 Nf7 13. O-O-O Qe7 14. Bf3 Bd7 15. Nce2 Ngh6 16. f5 g5 17. Bxh5 Qxe4 18. Nc3 Qe7 19. Ne6 Nxf5 20. Nc7+ Kf8 21. Nxa8 Nxe3 22. Rhe1 Rxh5 23. Nb6 g4 24. Qxe3 Bh6 25. Qxh6+ Rxh6 26. Rxe7 Kxe7 27. Nxd7 Kxd7 28. hxg4 Rg6 29. Rd4 Ne5 30. Ne4 d5 31. Nf2 Rh6 32. Rf4 Ke7 33. Rf5 Rh2 34. g5 Rxg2 35. gxf6+ Ke6 36. Rf4 Rg6 37. f7 Nxf7 38. Nd3 Nd6 39. Nc5+ Ke7 40. b3 a5 41. Rh4 b6 42. Rh7+ Nf7 43. Nd7 Kxd7 44. Rxf7+ Kd6 45. a4 d4 46. Rf5 c5 47. Kd2 Kc6 48. Rf3 Re6 49. Rh3 b5 50. axb5+ Kxb5 51. Rh8 Rg6 52. Ra8 Rg2+ 53. Kd3 Rg3+ 54. Kd2 Kb4 55. Rb8+ Ka3 56. Rb5 Rc3 57. Kc1 d3 58. Rxa5+ Kb4 59. Ra4+ Kb5 60. Rc4 Rxc4 61. bxc4+ Kxc4 62. Kd2 dxc2 63. Kxc2 1/2-1/2